000 01145nam a2200241 i 4500
001 187048
003 SpMaBN
005 20250823002624.0
008 170406s1970 sp aef c |||| |dspa d
080 _a75(45)"16":061.43(460.27 M.)"1970"
110 2 _aMuseo Nacional del Prado.
_9160001
245 1 0 _aPintura italiana del siglo XVII
_b: exposición conmemorativa del ciento cincuenta aniversario de la fundación del Museo del Prado : Casón del Buen Retiro, Madrid, abril-mayo 1970 /
_c[dirección literaria, Alfonso E. Pérez Sánchez].
260 _a[Madrid] :
_bComisaría General de Exposiciones de la Dirección General de Bellas Artes,
_c1970.
300 _a603 p., [1] h. de plano pleg., [1] p. de lám. :
_bil. col. y n. ;
_c26 cm.
504 _aBibliografía: p. 595-601.
650 7 _aPintura italiana-
_yS.XVII-
_vExposiciones.
_9162299
655 7 _2tgfbne
_9193628
_aCatálogos de exposiciones
700 1 _aPérez Sánchez, Alfonso E.,
_d1935-2010
_991143
710 1 _aEspaña.
_bComisaría General de Exposiciones
_93633
852 _aES-MaACL
_jL-31369
_z- enc. tela
942 _2udc
999 _c187048
_d187048